UBT Library

Toxic deception : (Record no. 41763)

000 -LEADER
fixed length control field 01271cam a22003494a 4500
001 - CONTROL NUMBER
control field 4994032
005 - DATE AND TIME OF LATEST TRANSACTION
control field 20180205072307.0
008 - FIXED-LENGTH DATA ELEMENTS--GENERAL INFORMATION
fixed length control field 990201s1999 meu b 001 0 eng
010 ## - LIBRARY OF CONGRESS CONTROL NUMBER
LC control number 99013742
020 ## - INTERNATIONAL STANDARD BOOK NUMBER
International Standard Book Number 1567511635
020 ## - INTERNATIONAL STANDARD BOOK NUMBER
International Standard Book Number 9781567511635
020 ## - INTERNATIONAL STANDARD BOOK NUMBER
International Standard Book Number 1567511627 (pbk.)
020 ## - INTERNATIONAL STANDARD BOOK NUMBER
International Standard Book Number 9781567511628 (pbk.)
035 ## - SYSTEM CONTROL NUMBER
System control number (OCoLC)ocm40776758
040 ## - CATALOGING SOURCE
Original cataloging agency DLC
Transcribing agency DLC
Modifying agency C#P
-- AGL
-- WAU
-- OCLCQ
-- BAKER
-- BTCTA
-- YDXCP
-- OCLCQ
-- DLC
041 ## - LANGUAGE CODE
Language code of text/sound track or separate title eng
042 ## - AUTHENTICATION CODE
Authentication code pcc
043 ## - GEOGRAPHIC AREA CODE
Geographic area code n-us---
070 0# - NATIONAL AGRICULTURAL LIBRARY CALL NUMBER
Classification number RA1226
Item number .F34 1999
072 #0 - SUBJECT CATEGORY CODE
Subject category code W000
072 #0 - SUBJECT CATEGORY CODE
Subject category code X500
072 #0 - SUBJECT CATEGORY CODE
Subject category code X700
080 ## - UNIVERSAL DECIMAL CLASSIFICATION NUMBER
Universal Decimal Classification number 615.9020973 FAG
082 00 - DEWEY DECIMAL CLASSIFICATION NUMBER
Classification number 615.9020973 FAG
Edition number 21
100 1# - Rafti
Rafti 19
101 ## - Shkurtesa
Shkurtesa POL
245 10 - TITLE STATEMENT
Title Toxic deception :
Statement of responsibility, etc Dan Fagin, Marianne Lavelle, and the Center for Public Integrity.
504 ## - BIBLIOGRAPHY, ETC. NOTE
Bibliography, etc Includes bibliographical references (p. [251-271]) and index.
906 ## - LOCAL DATA ELEMENT F, LDF (RLIN)
a 7
b cbc
c orignew
d 1
e ocip
f 19
g y-gencatlg
942 ## - ADDED ENTRY ELEMENTS (KOHA)
Source of classification or shelving scheme
Item type Books
Holdings
Withdrawn status Lost status Source of classification or shelving scheme Damaged status Not for loan Collection code Permanent location Current location Shelving location Date acquired Total Checkouts Full call number Barcode Date last seen Price effective from Koha item type
          Koleksioni i përgjithshem UBT - Lipjan UBT - Lipjan Koleksioni i përgjithshem 02/05/2018   615.9020973 FAG 002-2997214 02/05/2018 02/05/2018 Books
UBT Library © 2015-2024. All rights reserved University Education for Business and Technology